00896nam a2200193 a 4500008004100000020001500041050001300056110001500069245015600084260004000240300001600280350000900296490008000305650004300385650003800428995010000466999001700566952011900583070403s2006 ||||||||||||||||| || u a0821369008 aIBRD(02) aWorld Bank10aLiberalisation and universal access to basic services: telecommunications, water and sanitation, financial services, and electricitycby the World Bank aWashington, D. C.bWorld Bankc2006 a272p.; ill. a0.00 aOrganisation for Economic Co-operation and Development Trade Policy Studies aHUMAN SERVICES--CROSS CULTURAL STUDIES aBASIC SERVICES DELIVERY--RESEARCH D0.00FCBU-MAIN LIBRARY (Kitwe)H1I0.00M1UAVAILABLEWJan 10, 2008ZInternational Publications c49146d49146 00102lcc4070a001b001cInternational Publicationsd2022-11-30l0oIBRD(02)p54959r2022-11-30w2022-11-30y002